Properties, processing and applications of glass and rare earth-doped glasses for optical fibres /

Bibliographic Details
Corporate Authors: INSPEC. EMIS Group, Institution of Electrical Engineers
Other Authors: Hewak, Dan
Format: Book
Language:English
Published: London : INSPEC, [1998]
Series:EMIS datareviews series ; no.22.
Subjects:

MARC

Tag First Indicator Second Indicator Subfields
LEADER 00000cam a2200000 a 4500
001 in00001513445
005 20151021101506.0
008 981214s1998 enka 001 0 eng d
015 |a GB99-00980 
020 |a 085296952X 
035 |a (OCoLC)40544122 
035 |9 AJL0055AM 
040 |a UKM  |c UKM  |d CUS  |d TXA  |d UtOrBLW 
049 |a TXAM 
082 0 0 |a 621.3692  |2 21 
090 |a TA1800  |b .P76 1998 
245 0 0 |a Properties, processing and applications of glass and rare earth-doped glasses for optical fibres /  |c edited by Dan Hewak. 
264 1 |a London :  |b INSPEC,  |c [1998] 
264 4 |c ©1998 
300 |a xix, 376 pages :  |b illustrations ;  |c 29 cm. 
336 |a text  |b txt  |2 rdacontent 
337 |a unmediated  |b n  |2 rdamedia 
338 |a volume  |b nc  |2 rdacarrier 
490 1 |a EMIS datareviews series ;  |v no.22 
500 |a On title page: IEE. 
504 |a Includes index. 
650 0 |a Optical fibers. 
650 0 |a Glass fibers. 
700 1 |a Hewak, Dan. 
710 2 |a INSPEC.  |b EMIS Group. 
710 2 |a Institution of Electrical Engineers. 
830 0 |a EMIS datareviews series ;  |v no.22. 
948 |a c:dm 
999 |a MARS 
999 f f |s 02cec015-5c77-3976-9d37-df100ceafc7e  |i a72d62eb-fe0e-3861-bf52-bcfcc61b6c2c  |t 0 
952 f f |p ric  |a Texas A&M University  |b Rellis Campus  |c Joint Library Facility  |d Remote Storage  |t 0  |e TA1800 .P76 1998  |h Library of Congress classification  |i unmediated -- volume  |m A14825339853 
998 f f |a TA1800 .P76 1998  |t 0  |l Remote Storage